[Event "IECG QN.2004.0.00331"]
[Site "IECG email"]
[Date "2004.07.01"]
[Round "?"]
[White "Tomassi, Emidio"]
[Black "Terluin, Donald"]
[Result "1-0"]
[WhiteElo "800"]
[BlackElo "851"]
[PlyCount "75"]
[EventDate "2004.07.01"]
[EventType "tourn (corr)"]
[EventRounds "6"]
[SourceTitle "Corr 2008"]
[Source "ChessBase"]
[SourceDate "2008.06.24"]
[SourceVersion "1"]
[SourceVersionDate "2008.06.24"]
[SourceQuality "1"]

1. e4 c6 2. d4 d5 3. Nc3 dxe4 4. Nxe4 Bf5 5. Ng3 Bg6 6. Bc4 e6 7. Nf3 Nd7 8. 0-0 Ngf6 9. Re1 Nb6 10. Bd3 Bxd3 11. Qxd3 Be7 12. Bg5 0-0 13. Rad1 h6 14. Bxf6 Bxf6 15. Ne4 Rc8 16. c4 Rc7 17. b3 Nc8 18. Ne5 Bxe5 19. dxe5 Qxd3 20. Rxd3 Ne7 21. f4 c5 22. Red1 Nc6 23. Rd7 Rxd7 24. Rxd7 b6 25. Rc7 Nd4 26. g3 a6 27. Rb7 b5 28. Nxc5 bxc4 29. bxc4 a5 30. Nb3 Nxb3 31. axb3 Ra8 32. c5 a4 33. c6 Kh7 34. bxa4 Rxa4 35. Rxf7 Rc4 36. c7 Kg6 37. Re7 Rc6 38. Rxe6+ 1-0

[Event "IECG QN.2004.0.00331"]
[Site "IECG email"]
[Date "2004.07.01"]
[Round "?"]
[White "Venturas, Bob"]
[Black "Terluin, Donald"]
[Result "0-1"]
[WhiteElo "669"]
[BlackElo "851"]
[PlyCount "72"]
[EventDate "2004.07.01"]
[EventType "tourn (corr)"]
[EventRounds "6"]
[SourceTitle "Corr 2008"]
[Source "ChessBase"]
[SourceDate "2008.06.24"]
[SourceVersion "1"]
[SourceVersionDate "2008.06.24"]
[SourceQuality "1"]

1. d4 d5 2. Nc3 Nf6 3. Bg5 Nbd7 4. Nf3 h6 5. Bf4 e6 6. h3 Bb4 7. e3 c5 8. a3 Ba5 9. dxc5 Bxc3+ 10. bxc3 Nxc5 11. Ne5 0-0 12. Bd3 Qa5 13. Qd2 Nfe4 14. Bxe4 Nxe4 15. Qd3 f6 16. Ng6 Re8 17. 0-0 e5 18. Bh2 Bd7 19. Rfd1 Nxc3 20. Re1 Nb5 21. Qxd5+ Kh7 22. Qd3 Be6 23. Nf4+ Kh8 24. Nh5 Bf7 25. Ng3 Rad8 26. Qe4 Nd6 27. Qb4 Qc7 28. c3 a5 29. Qb1 Qxc3 30. Ne2 Qc6 31. Rc1 Qa6 32. Qb2 Ne4 33. Rd1 Rxd1+ 34. Rxd1 Qc4 35. Rc1 Qd3 36. Rd1 Qxd1# 0-1

[Event "CFriend SL-2004-0-00016 email"]
[Site "Chessfriend.com"]
[Date "2004.02.13"]
[Round "?"]
[White "Terluin, Donald"]
[Black "Popp, Tony"]
[Result "0-1"]
[WhiteElo "761"]
[BlackElo "969"]
[PlyCount "102"]
[EventDate "2004.??.??"]
[EventType "tourn (corr)"]
[EventRounds "11"]
[SourceTitle "Corr 2008"]
[Source "ChessBase"]
[SourceDate "2008.06.24"]
[SourceVersion "1"]
[SourceVersionDate "2008.06.24"]
[SourceQuality "1"]

1. d4 d5 2. c4 c6 3. Nf3 e6 4. Nc3 Bb4 5. e3 Nf6 6. Bd3 0-0 7. 0-0 Nbd7 8. a3 Bd6 9. Qc2 dxc4 10. Bxc4 Qe7 11. b4 b6 12. Bb2 Bb7 13. Rfd1 c5 14. d5 exd5 15. Bxd5 Nxd5 16. Nxd5 Bxd5 17. Rxd5 Nf6 18. Bxf6 Qxf6 19. Rb1 Rac8 20. Nd2 cxb4 21. Qa4 bxa3 22. Ne4 Bxh2+ 23. Kxh2 Qh4+ 24. Kg1 f5 25. Nc3 Qxa4 26. Nxa4 Rc4 27. Rd4 Rfc8 28. Ra1 Rc1+ 29. Rd1 Rxd1+ 30. Rxd1 b5 31. Ra1 bxa4 32. Rxa3 Rc4 33. Kf1 Kf7 34. Ke2 Ke6 35. Kd3 Kd5 36. Ra1 Kc5 37. f3 a5 38. e4 fxe4+ 39. fxe4 Rb4 40. e5 Kd5 41. Re1 Ke6 42. Kc3 h5 43. Re2 g5 44. g3 Rb3+ 45. Kc4 Rxg3 46. Kb5 a3 47. Kxa5 Rb3 48. Ka4 Rb2 49. Re1 a2 50. Ra1 Kxe5 51. Ka3 Re2 0-1

[Event "IECG QN.2003.0.00300 email "]
[Site "IECG email"]
[Date "2003.11.21"]
[Round "?"]
[White "Crandall, Chris P"]
[Black "Terluin, Donald"]
[Result "0-1"]
[WhiteElo "800"]
[BlackElo "727"]
[PlyCount "48"]
[EventDate "2003.11.21"]
[EventType "tourn (corr)"]
[EventRounds "6"]
[SourceTitle "Corr 2008"]
[Source "ChessBase"]
[SourceDate "2008.06.24"]
[SourceVersion "1"]
[SourceVersionDate "2008.06.24"]
[SourceQuality "1"]

1. e4 e5 2. d4 exd4 3. f4 Nc6 4. Nf3 Bc5 5. Bd3 d6 6. a3 a5 7. Qe2 Nge7 8. 0-0 0-0 9. e5 dxe5 10. Ng5 Bf5 11. fxe5 Bxd3 12. Qxd3 g6 13. Qh3 h5 14. Rd1 Nxe5 15. g4 d3+ 16. Kh1 Qd5+ 17. Qg2 Qxg2+ 18. Kxg2 dxc2 19. Rd2 cxb1Q 20. Rxb1 hxg4 21. Ne4 Be3 22. Re2 Bxc1 23. Rxc1 Nd5 24. Nf2 Nf4+ 0-1

[Event "IECG QN.2003.0.00300 email "]
[Site "IECG email"]
[Date "2003.11.21"]
[Round "?"]
[White "Terluin, Donald"]
[Black "Crandall, Chris P"]
[Result "1-0"]
[WhiteElo "727"]
[BlackElo "800"]
[PlyCount "61"]
[EventDate "2003.11.21"]
[EventType "tourn (corr)"]
[EventRounds "6"]
[SourceTitle "Corr 2008"]
[Source "ChessBase"]
[SourceDate "2008.06.24"]
[SourceVersion "1"]
[SourceVersionDate "2008.06.24"]
[SourceQuality "1"]

1. e4 d5 2. exd5 Nf6 3. d4 Qxd5 4. Nc3 Qa5 5. Nf3 Nd5 6. Bd2 Nxc3 7. Bxc3 Qb6 8. Bc4 e6 9. a3 a5 10. 0-0 Be7 11. Re1 0-0 12. d5 exd5 13. Bxd5 Bc5 14. Nd4 c6 15. Be4 Rd8 16. Rb1 Bxd4 17. Bxd4 Rxd4 18. Bxh7+ Kf8 19. Qe2 Be6 20. Bf5 Rd6 21. Qh5 Qd8 22. Qh8+ Ke7 23. Qh4+ f6 24. Bxe6 Rxe6 25. Rxe6+ Kxe6 26. Re1+ Kf7 27. Qh5+ Kg8 28. Re8+ Qxe8 29. Qxe8+ Kh7 30. f4 a4 31. g4 1-0

[Event "IECG QN.2003.0.00300 email "]
[Site "IECG email"]
[Date "2003.11.21"]
[Round "?"]
[White "Terluin, Donald"]
[Black "Quantin, Jean Paul"]
[Result "1-0"]
[WhiteElo "727"]
[BlackElo "699"]
[PlyCount "31"]
[EventDate "2003.11.21"]
[EventType "tourn (corr)"]
[EventRounds "6"]
[SourceTitle "Corr 2008"]
[Source "ChessBase"]
[SourceDate "2008.06.24"]
[SourceVersion "1"]
[SourceVersionDate "2008.06.24"]
[SourceQuality "1"]

1. e4 c5 2. Nf3 Nf6 3. Nc3 d6 4. Bb5+ Bd7 5. 0-0 e5 6. d3 Ng4 7. h3 Bxb5 8. Nxb5 Qd7 9. c4 Nh6 10. Qa4 Nc6 11. Nc3 Nd4 12. Qxd7+ Kxd7 13. Bxh6 gxh6 14. Nxd4 exd4 15. Nd5 Bg7 16. f4 1-0

[Event "CFriend SL-2003-0-00011 email"]
[Site "Chessfriend.com"]
[Date "2003.08.05"]
[Round "?"]
[White "Terluin, Donald"]
[Black "Topot, Iwan"]
[Result "0-1"]
[WhiteElo "694"]
[BlackElo "1395"]
[PlyCount "50"]
[EventDate "2003.08.05"]
[EventType "tourn (corr)"]
[EventRounds "10"]
[SourceTitle "Corr 2008"]
[Source "ChessBase"]
[SourceDate "2008.06.24"]
[SourceVersion "1"]
[SourceVersionDate "2008.06.24"]
[SourceQuality "1"]

1. d4 Nf6 2. c4 c5 3. d5 e6 4. Nc3 exd5 5. cxd5 g6 6. Nf3 Bg7 7. e4 d6 8. Be2 a6 9. 0-0 b5 10. a3 0-0 11. b4 Nxe4 12. Bd2 Nxc3 13. Bxc3 Bxc3 14. Rb1 cxb4 15. axb4 Nd7 16. Qc2 Bg7 17. Rfe1 Re8 18. h3 Bb7 19. Qb3 Nb6 20. Rbd1 Rc8 21. Bf1 Rxe1 22. Nxe1 Qg5 23. Nf3 Qf4 24. g3 Qe4 25. Bg2 Bxd5 0-1

[Event "CFriend SL-2003-0-00007 email"]
[Site "Chessfriend.com"]
[Date "2003.04.16"]
[Round "?"]
[White "Gazen, Louis"]
[Black "Terluin, Donald"]
[Result "1-0"]
[WhiteElo "1187"]
[BlackElo "676"]
[PlyCount "63"]
[EventDate "2003.04.16"]
[EventType "tourn (corr)"]
[EventRounds "12"]
[SourceTitle "Corr 2008"]
[Source "ChessBase"]
[SourceDate "2008.06.24"]
[SourceVersion "1"]
[SourceVersionDate "2008.06.24"]
[SourceQuality "1"]

1. e4 e5 2. Nf3 Nc6 3. Bc4 Bc5 4. c3 Nf6 5. d3 a6 6. 0-0 Ba7 7. Bg5 h6 8. Bh4 0-0 9. Nbd2 d6 10. Re1 Re8 11. a4 Be6 12. b4 Bxc4 13. Nxc4 b5 14. Na3 bxa4 15. Qxa4 Qd7 16. Bxf6 gxf6 17. Nh4 Red8 18. Qd1 Kh7 19. Qh5 Rg8 20. b5 axb5 21. Nf5 Rg6 22. Nxb5 Qd8 23. Nh4 Rg7 24. Rf1 Bb6 25. Rxa8 Qxa8 26. Qf5+ Kg8 27. Qd7 Na5 28. Nxc7 Bxc7 29. Qxc7 Qa6 30. Qd8+ Kh7 31. Nf5 Nb7 32. Qxf6 1-0

[Event "CFriend SL-2003-0-00007 email"]
[Site "Chessfriend.com"]
[Date "2003.04.16"]
[Round "?"]
[White "Just, Bent"]
[Black "Terluin, Donald"]
[Result "0-1"]
[WhiteElo "1490"]
[BlackElo "676"]
[PlyCount "20"]
[EventDate "2003.04.16"]
[EventType "tourn (corr)"]
[EventRounds "12"]
[SourceTitle "Corr 2008"]
[Source "ChessBase"]
[SourceDate "2008.06.24"]
[SourceVersion "1"]
[SourceVersionDate "2008.06.24"]
[SourceQuality "1"]

1. Nc3 Nf6 2. e4 e5 3. Nf3 Nc6 4. d4 exd4 5. Nxd4 Be7 6. Nf5 0-0 7. Nxe7+ Qxe7 8. Bg5 h6 9. Nd5 Qxe4+ 10. Ne3 hxg5 0-1

[Event "CFriend SL-2003-0-00007 email"]
[Site "Chessfriend.com"]
[Date "2003.04.16"]
[Round "?"]
[White "Terluin, Donald"]
[Black "Prieto, Carlos"]
[Result "0-1"]
[WhiteElo "676"]
[BlackElo "1487"]
[PlyCount "72"]
[EventDate "2003.04.16"]
[EventType "tourn (corr)"]
[EventRounds "12"]
[SourceTitle "Corr 2008"]
[Source "ChessBase"]
[SourceDate "2008.06.24"]
[SourceVersion "1"]
[SourceVersionDate "2008.06.24"]
[SourceQuality "1"]

1. e4 c5 2. Nc3 Nc6 3. g3 g6 4. Bg2 Bg7 5. d3 d6 6. f4 e6 7. Nf3 Nge7 8. 0-0 0-0 9. Be3 Qb6 10. Rb1 Bd7 11. Qd2 Nd4 12. Bxd4 cxd4 13. Ne2 e5 14. Kh1 h6 15. c3 Rac8 16. cxd4 exd4 17. Rfc1 Rxc1+ 18. Rxc1 Nc6 19. a3 Re8 20. b4 Qa6 21. Ra1 Be6 22. Nc1 f5 23. exf5 gxf5 24. Qd1 Nxb4 25. Bf1 Nd5 26. Nb3 Ne3 27. Qb1 Nxf1 28. Nbxd4 Bd5 29. Kg1 Nd2 30. Nxd2 Bxd4+ 31. Kf1 Qc6 32. Ne4 fxe4 33. dxe4 Bxe4 34. Qa2+ Kf8 35. Rd1 Bd3+ 36. Rxd3 Qh1# 0-1

[Event "CFriend SL-2003-0-00007 email"]
[Site "Chessfriend.com"]
[Date "2003.04.16"]
[Round "?"]
[White "Terluin, Donald"]
[Black "Vinkes, Henk"]
[Result "0-1"]
[WhiteElo "676"]
[BlackElo "1592"]
[PlyCount "114"]
[EventDate "2003.04.16"]
[EventType "tourn (corr)"]
[EventRounds "12"]
[SourceTitle "Corr 2008"]
[Source "ChessBase"]
[SourceDate "2008.06.24"]
[SourceVersion "1"]
[SourceVersionDate "2008.06.24"]
[SourceQuality "1"]

1. e4 e5 2. Nf3 Nc6 3. Nc3 Nf6 4. Bb5 d6 5. d3 Be7 6. 0-0 0-0 7. h3 Bd7 8. Be3 a6 9. Bc4 b5 10. Bb3 h6 11. a3 Na5 12. Ba2 c5 13. b4 cxb4 14. axb4 Nc6 15. Rb1 Nh7 16. Nd5 Rc8 17. Nxe7+ Nxe7 18. Qd2 Kh8 19. d4 exd4 20. Nxd4 f5 21. exf5 Nxf5 22. Nxf5 Bxf5 23. Rbc1 Nf6 24. Rfe1 Ne4 25. Qd4 Qf6 26. Qxf6 Rxf6 27. c4 Rff8 28. cxb5 axb5 29. Rxc8 Rxc8 30. Bb1 d5 31. Bd3 Nd6 32. Be2 Nc4 33. Bd4 Re8 34. Bc3 Kg8 35. Bf3 Rxe1+ 36. Bxe1 d4 37. Bc6 Na3 38. Bd5+ Kf8 39. Bb3 d3 40. Bd1 Nc2 41. Bc3 g6 42. g4 Be4 43. Kh2 Kf7 44. Kg3 Ke6 45. Bf3 Kd5 46. Bxe4+ Kxe4 47. h4 Nd4 48. Bd2 h5 49. gxh5 gxh5 50. Be1 Nf3 51. Bc3 d2 52. Bxd2 Nxd2 53. Kg2 Nf3 54. Kg3 Ne1 55. Kh2 Kf3 56. Kg1 Nd3 57. Kf1 Nxf2 0-1

[Event "CFriend SL-2003-0-00007 email"]
[Site "Chessfriend.com"]
[Date "2003.04.16"]
[Round "?"]
[White "Trevis, Robert R"]
[Black "Terluin, Donald"]
[Result "1-0"]
[WhiteElo "1387"]
[BlackElo "676"]
[PlyCount "45"]
[EventDate "2003.04.16"]
[EventType "tourn (corr)"]
[EventRounds "12"]
[SourceTitle "Corr 2008"]
[Source "ChessBase"]
[SourceDate "2008.06.24"]
[SourceVersion "1"]
[SourceVersionDate "2008.06.24"]
[SourceQuality "1"]

1. e4 e5 2. Nf3 Nc6 3. Bc4 Bc5 4. c3 Nf6 5. d4 exd4 6. cxd4 Bb4+ 7. Nc3 Nxe4 8. 0-0 Bxc3 9. d5 Bf6 10. Re1 Ne7 11. Rxe4 d6 12. Bg5 Bxg5 13. Nxg5 h6 14. Qe2 hxg5 15. Re1 Be6 16. dxe6 f6 17. Re3 c6 18. Qc2 g6 19. Qc3 Rf8 20. Rf3 f5 21. Rh3 Qb6 22. Rh7 Rc8 23. Rxe7+ 1-0

[Event "CFriend SL-2003-0-00003 email"]
[Site "Chessfriend.com"]
[Date "2003.02.06"]
[Round "?"]
[White "Quizielvu, Massimo"]
[Black "Terluin, Donald"]
[Result "1-0"]
[WhiteElo "1165"]
[BlackElo "643"]
[PlyCount "61"]
[EventDate "2003.02.06"]
[EventType "tourn (corr)"]
[EventRounds "12"]
[SourceTitle "Corr 2008"]
[Source "ChessBase"]
[SourceDate "2008.06.24"]
[SourceVersion "1"]
[SourceVersionDate "2008.06.24"]
[SourceQuality "1"]

1. e4 e5 2. Nf3 Nc6 3. Bb5 a6 4. Ba4 Nf6 5. d3 d6 6. c3 g6 7. Bg5 Bg7 8. Nbd2 0-0 9. Nf1 b5 10. Bb3 Na5 11. Bc2 Re8 12. Ne3 c6 13. 0-0 Qc7 14. b4 Nb7 15. a4 Be6 16. d4 exd4 17. Nxd4 Nd7 18. Qd2 Ne5 19. Nxe6 fxe6 20. f4 Nc4 21. Nxc4 bxc4 22. f5 e5 23. f6 Bxf6 24. Bxf6 Nd8 25. Rad1 Nf7 26. Qe2 Qa7+ 27. Kh1 Rac8 28. Qxc4 Kf8 29. Bb3 Rc7 30. Rxd6 Nxd6 31. Qg8# 1-0

[Event "CFriend SL-2003-0-00003 email"]
[Site "Chessfriend.com"]
[Date "2003.02.06"]
[Round "?"]
[White "Terluin, Donald"]
[Black "Just, Bent"]
[Result "0-1"]
[WhiteElo "643"]
[BlackElo "1480"]
[PlyCount "62"]
[EventDate "2003.02.06"]
[EventType "tourn (corr)"]
[EventRounds "12"]
[SourceTitle "Corr 2008"]
[Source "ChessBase"]
[SourceDate "2008.06.24"]
[SourceVersion "1"]
[SourceVersionDate "2008.06.24"]
[SourceQuality "1"]

1. e4 e5 2. Nf3 Nc6 3. Bb5 Nf6 4. 0-0 Nxe4 5. Re1 Nd6 6. Nxe5 Be7 7. Ba4 Nxe5 8. Rxe5 0-0 9. d4 Bf6 10. Re1 b5 11. Bb3 Re8 12. c3 Bb7 13. Nd2 Rxe1+ 14. Qxe1 Qe8 15. Qxe8+ Rxe8 16. Nf3 Bxf3 17. gxf3 Re1+ 18. Kg2 Bg5 19. Bxg5 Rxa1 20. Bd8 c6 21. Bc7 Nc4 22. Bc2 g6 23. b3 Rxa2 24. Bd3 Ne3+ 25. Kg3 Nd5 26. Be5 Nxc3 27. Bf1 Nd5 28. Bh3 f5 29. Bf1 Rb2 30. Bb8 a5 31. Ba7 Rxb3 0-1

[Event "IECG CN.2002.0.00298 email"]
[Site "IECG email"]
[Date "2002.06.19"]
[Round "?"]
[White "Terluin, Donald"]
[Black "Arauz, Christopher"]
[Result "0-1"]
[WhiteElo "800"]
[BlackElo "564"]
[PlyCount "144"]
[EventDate "2002.06.19"]
[EventType "tourn (corr)"]
[EventRounds "6"]
[SourceTitle "Corr 2008"]
[Source "ChessBase"]
[SourceDate "2008.06.24"]
[SourceVersion "1"]
[SourceVersionDate "2008.06.24"]
[SourceQuality "1"]

1. d4 d5 2. c4 dxc4 3. Nf3 f6 4. e4 Bg4 5. Be3 e6 6. Bxc4 Bb4+ 7. Nc3 Qe7 8. a3 Bxc3+ 9. bxc3 Nd7 10. h3 Bh5 11. 0-0 g5 12. g4 Bg6 13. e5 f5 14. Nxg5 h6 15. Nxe6 Nb6 16. Nf4 Bh7 17. Qf3 Nxc4 18. Qxb7 Nb6 19. Nd5 Nxd5 20. Qxa8+ Qd8 21. Qxa7 fxg4 22. Qa4+ Qd7 23. Qxd7+ Kxd7 24. hxg4 Nxc3 25. a4 Bd3 26. Rfe1 Ne7 27. Ra3 Ned5 28. Bd2 Ne2+ 29. Kh2 Ba6 30. Be3 Nb4 31. Rb3 Nc2 32. Rd1 Rg8 33. Rb2 Nxe3 34. fxe3 Rxg4 35. Rf1 Nc3 36. Rf7+ Kc8 37. Rf6 Nxa4 38. Ra2 Bb5 39. Rxh6 Nc3 40. Ra5 Re4 41. Rh3 Bd7 42. Rf3 Rh4+ 43. Kg2 Bc6 44. Kg3 Rh7 45. Rf1 Ne4+ 46. Kg4 Rg7+ 47. Kh5 Ng3+ 48. Kh6 Rg4 49. Rc1 Be4 50. d5 Rg6+ 51. Kh7 Ra6+ 52. Kg7 Rxa5 53. d6 Rxe5 54. Rxc7+ Kd8 55. Kf6 Rf5+ 56. Kg7 Rd5 57. Rc1 Rxd6 58. Kf7 Bd5+ 59. Kg7 Nh5+ 60. Kh7 Be4+ 61. Kg8 Ke7 62. Rc7+ Kf6 63. Rc8 Kg6 64. Kf8 Rd7 65. Rc1 Rd8+ 66. Ke7 Rd5 67. Rg1+ Kf5 68. Rf1+ Ke5 69. Rg1 Bf5 70. Ra1 Rd7+ 71. Kf8 Kf6 72. Ra5 Rd8# 0-1

[Event "IECG CN.2002.0.00287 email"]
[Site "IECG email"]
[Date "2002.03.15"]
[Round "?"]
[White "Terluin, Donald"]
[Black "Arauz, Christopher"]
[Result "1/2-1/2"]
[WhiteElo "800"]
[BlackElo "611"]
[PlyCount "81"]
[EventDate "2002.03.15"]
[EventType "tourn (corr)"]
[EventRounds "6"]
[SourceTitle "Corr 2008"]
[Source "ChessBase"]
[SourceDate "2008.06.24"]
[SourceVersion "1"]
[SourceVersionDate "2008.06.24"]
[SourceQuality "1"]

1. d4 d5 2. c4 e6 3. Nc3 Nf6 4. Bg5 Be7 5. e3 0-0 6. Nf3 dxc4 7. Bxc4 a6 8. 0-0 b5 9. Bd3 Bb7 10. Rc1 Nbd7 11. Qc2 Rc8 12. Ne4 c5 13. Nxf6+ Bxf6 14. Bxh7+ Kh8 15. Bxf6 Qxf6 16. Ne5 Nxe5 17. dxe5 Qxe5 18. Bd3 c4 19. Be2 Qg5 20. g3 Qh6 21. h4 f5 22. f4 Rf6 23. Bf3 Bxf3 24. Rxf3 Rg6 25. Qh2 Rg4 26. Rd1 Rc6 27. Kg2 Qf6 28. Kh3 e5 29. fxe5 Qxe5 30. Rf4 Qxe3 31. Rxf5 Rh6 32. Kxg4 Qe4+ 33. Rf4 Rg6+ 34. Kh5 Qe8 35. Rf8+ Qxf8 36. Qc2 Rh6+ 37. Kg4 Qc8+ 38. Kf3 Rf6+ 39. Kg2 Qc6+ 40. Kh2 Qb6 41. Rd2 1/2-1/2